[Event "Titled Tuesday intern op 01st Apr Late"]
[Site "Chess.com INT"]
[Date "2025.04.01"]
[Round "5"]
[White "Jagodzinski, Piotr"]
[Black "Asensio Ramos, Enrique Fernando"]
[Result "1-0"]
[WhiteElo "2223"]
[BlackElo "2216"]
[PlyCount "179"]
[EventDate "2025.04.01"]
[EventType "swiss (blitz)"]
[EventRounds "11"]
[EventCountry "USA"]
[SourceTitle "CB21_2025"]
[SourceDate "2025.05.21"]
[SourceVersion "1"]
[SourceVersionDate "2025.05.21"]
[SourceQuality "1"]

1. Nf3 d5 2. b3 Bf5 3. Bb2 e6 4. e3 h6 5. d3 Nf6 6. Be2 Be7 7. Ne5 Nbd7 8. Nxd7 Qxd7 9. Nd2 c6 10. g4 Bg6 11. h4 Qc7 12. Rg1 0-0-0 13. Nf3 Bd6 14. Qd2 e5 15. 0-0-0 Kb8 16. Kb1 h5 17. g5 Ng4 18. Rdf1 f5 19. gxf6 gxf6 20. Ne1 Bf5 21. f3 Nh6 22. e4 Bh3 23. Rg6 Bxf1 24. Bxf1 Ng8 25. Bh3 Qf7 26. Qg2 Rh7 27. f4 exf4 28. exd5 Qxd5 29. Nf3 Re8 30. Bc1 a5 31. a4 Rf8 32. Qf2 Ne7 33. Rg1 Rhh8 34. Re1 f5 35. Ng5 Nc8 36. Bxf4 Bxf4 37. Qxf4+ Qd6 38. Qf2 f4 39. Re6 Qc7 40. Re4 Rhg8 41. Ne6 Qf7 42. Nxf8 Rxf8 43. Be6 Qf6 44. Bh3 Nd6 45. Re6 Qd8 46. Qc5 Kc7 47. Bg2 Qd7 48. Rh6 b6 49. Qe5 f3 50. Bf1 Rf7 51. d4 f2 52. Kb2 Re7 53. Qg3 Rf7 54. Rxh5 Kb7 55. Rh6 Ne4 56. Qe3 Qd5 57. Bc4 Qf5 58. Bf1 Rf6 59. Rxf6 Nxf6 60. Qg5 Qxg5 61. hxg5 Ne8 62. g6 Kc7 63. Kc3 Kd6 64. Kd3 Ke6 65. Ke3 Kf6 66. Bd3 Nd6 67. Kxf2 Nb7 68. c4 Nd8 69. Ke3 Ne6 70. Be4 c5 71. d5 Nd4 72. d6 Ne6 73. Kf3 Ng5+ 74. Kf4 Ne6+ 75. Kg4 Nf8 76. Kh5 Kg7 77. Kg5 Ne6+ 78. Kf5 Nf8 79. Ke5 Nd7+ 80. Ke6 Nf8+ 81. Ke7 b5 82. axb5 Nxg6+ 83. Bxg6 a4 84. d7 axb3 85. Bb1 b2 86. d8Q Kh6 87. Kf6 Kh5 88. Qg8 Kh4 89. Qg2 Kh5 90. Qg5# 1-0

[Event "Titled Tuesday intern op 01st Apr Late"]
[Site "Chess.com INT"]
[Date "2025.04.01"]
[Round "3"]
[White "Jagodzinski, Piotr"]
[Black "Dobrosmyslov, Artem"]
[Result "1-0"]
[WhiteElo "2223"]
[BlackElo "2297"]
[PlyCount "113"]
[EventDate "2025.04.01"]
[EventType "swiss (blitz)"]
[EventRounds "11"]
[EventCountry "USA"]
[SourceTitle "CB21_2025"]
[SourceDate "2025.05.21"]
[SourceVersion "1"]
[SourceVersionDate "2025.05.21"]
[SourceQuality "1"]

1. Nf3 Nc6 2. d4 e6 3. b3 Nf6 4. Bb2 a5 5. e3 a4 6. c4 a3 7. Bc1 Ne4 8. Bd3 Bb4+ 9. Nfd2 d5 10. 0-0 Nxd2 11. Bxd2 Bxd2 12. Nxd2 e5 13. cxd5 Qxd5 14. Be4 Qd7 15. Bxc6 Qxc6 16. dxe5 0-0 17. Rc1 Qb6 18. Nc4 Qb5 19. f4 Be6 20. Qe2 Rfd8 21. Rfd1 Rxd1+ 22. Rxd1 Bxc4 23. Qxc4 Qxc4 24. bxc4 Kf8 25. Kf2 Ke7 26. Ke2 Ra4 27. Rc1 Rb4 28. Rc2 Kd7 29. Kd3 Kc6 30. Kc3 Rb1 31. h3 Kc5 32. Rd2 Rc1+ 33. Kb3 Rxc4 34. Rd7 Kb5 35. Rxf7 Re4 36. Rxc7 Rxe3+ 37. Rc3 Re2 38. g3 Rh2 39. h4 Ka5 40. Kxa3 b5 41. Kb3 Re2 42. Rd3 h5 43. a3 g6 44. Rf3 Re4 45. Kc3 Ka4 46. Kd3 Re1 47. Kd2 Re4 48. Rd3 Rc4 49. Ke3 Rc1 50. Ke4 Re1+ 51. Kd5 Ra1 52. e6 Rxa3 53. Rxa3+ Kxa3 54. e7 b4 55. e8Q b3 56. Qa8+ Kb2 57. Kc4 1-0

[Event "Titled Tuesday intern op 01st Apr Late"]
[Site "Chess.com INT"]
[Date "2025.04.01"]
[Round "10"]
[White "Jagodzinski, Piotr"]
[Black "Meskovs, Nikita"]
[Result "0-1"]
[WhiteElo "2223"]
[BlackElo "2539"]
[PlyCount "174"]
[EventDate "2025.04.01"]
[EventType "swiss (blitz)"]
[EventRounds "11"]
[EventCountry "USA"]
[SourceTitle "CB21_2025"]
[SourceDate "2025.05.21"]
[SourceVersion "1"]
[SourceVersionDate "2025.05.21"]
[SourceQuality "1"]

1. Nf3 d5 2. b3 c5 3. Bb2 Nc6 4. e3 a6 5. d4 Bg4 6. Be2 e6 7. 0-0 cxd4 8. Nxd4 Bxe2 9. Qxe2 Nf6 10. Nd2 Bd6 11. c4 Nxd4 12. Bxd4 0-0 13. cxd5 Nxd5 14. Rfd1 Qh4 15. Nf3 Qh5 16. Qb2 Qg6 17. Bxg7 Rfc8 18. Be5 Rc2 19. Qd4 Bc5 20. Qd3 Qxd3 21. Rxd3 Rc8 22. h4 f6 23. Bd4 Ba3 24. Rd2 Kf7 25. Rxc2 Rxc2 26. Ne1 Rd2 27. Nf3 Rc2 28. e4 Nf4 29. Be3 Ne2+ 30. Kf1 Nc3 31. e5 Rxa2 32. Re1 Nd5 33. Bd4 fxe5 34. Nxe5+ Ke7 35. Nf3 Bb4 36. Rc1 Bd6 37. g3 Ra5 38. Ng5 h5 39. Re1 Nc7 40. Bb6 Re5 41. Rd1 Nd5 42. Bd4 Rf5 43. Re1 Bxg3 44. Rxe6+ Kd7 45. Rh6 Bxh4 46. Rh7+ Kc6 47. Rh6+ Kb5 48. Ne4 Be7 49. Re6 Bb4 50. Kg2 h4 51. Rh6 a5 52. Rxh4 Nf4+ 53. Kf1 Ne6 54. Be3 Re5 55. Ke2 Be7 56. Rg4 Kc6 57. Kd3 Rd5+ 58. Ke2 b5 59. Rg6 Kd7 60. Nc3 Re5 61. Kf3 b4 62. Na4 Rf5+ 63. Ke2 Re5 64. Kf3 Bd8 65. Rh6 Bc7 66. Rh7+ Kc6 67. Ke2 Nd4+ 68. Kd3 Nxb3 69. Rh6+ Kb5 70. Nb2 a4 71. f4 Rd5+ 72. Ke4 Rc5 73. Rh5 Rxh5 74. Nd3 a3 75. f5 Rxf5 76. Kxf5 a2 77. Bd4 Nxd4+ 78. Ke4 a1Q 79. Kd5 Qc3 80. Ne5 Qc5+ 81. Ke4 Qxe5+ 82. Kd3 Qe2+ 83. Kxd4 Be5+ 84. Kd5 Bc3 85. Kd6 b3 86. Kc7 b2 87. Kd7 Qg4+ 0-1

[Event "Titled Tuesday intern op 01st Apr Late"]
[Site "Chess.com INT"]
[Date "2025.04.01"]
[Round "7"]
[White "Jagodzinski, Piotr"]
[Black "Moussard, Jules"]
[Result "1-0"]
[WhiteElo "2223"]
[BlackElo "2587"]
[PlyCount "55"]
[EventDate "2025.04.01"]
[EventType "swiss (blitz)"]
[EventRounds "11"]
[EventCountry "USA"]
[SourceTitle "CB21_2025"]
[SourceDate "2025.05.21"]
[SourceVersion "1"]
[SourceVersionDate "2025.05.21"]
[SourceQuality "1"]

1. Nf3 d5 2. b3 Nf6 3. Bb2 e6 4. e3 Be7 5. Be2 0-0 6. 0-0 c5 7. c4 b6 8. cxd5 exd5 9. d4 Bb7 10. Nbd2 Nbd7 11. a3 Re8 12. Rc1 Rc8 13. Rc2 Bd6 14. Qa1 a6 15. Rfc1 Qe7 16. dxc5 bxc5 17. Nf1 g6 18. Ng3 Ng4 19. b4 Nxf2 20. Kxf2 Qxe3+ 21. Kf1 d4 22. Rd1 Bxf3 23. Bxf3 d3 24. Rf2 c4 25. Bc1 Qe7 26. Bd5 Rf8 27. Bh6 Qh4 28. Qg7# 1-0

[Event "Titled Tuesday intern op 01st Apr Late"]
[Site "Chess.com INT"]
[Date "2025.04.01"]
[Round "9"]
[White "Rustemov, Alexander"]
[Black "Jagodzinski, Piotr"]
[Result "0-1"]
[WhiteElo "2525"]
[BlackElo "2223"]
[PlyCount "86"]
[EventDate "2025.04.01"]
[EventType "swiss (blitz)"]
[EventRounds "11"]
[EventCountry "USA"]
[SourceTitle "CB21_2025"]
[SourceDate "2025.05.21"]
[SourceVersion "1"]
[SourceVersionDate "2025.05.21"]
[SourceQuality "1"]

1. d4 d5 2. c4 e6 3. Nc3 Nf6 4. Nf3 Be7 5. Bg5 0-0 6. e3 h6 7. Bxf6 Bxf6 8. Rc1 c6 9. Bd3 Nd7 10. 0-0 Re8 11. e4 dxe4 12. Nxe4 Be7 13. c5 b6 14. b4 a5 15. a3 axb4 16. axb4 Ba6 17. b5 Bxb5 18. Bxb5 cxb5 19. c6 Nf6 20. Nxf6+ Bxf6 21. Qb3 b4 22. Qxb4 Qc7 23. Rc4 Red8 24. g3 Rd5 25. Rfc1 Rad8 26. Kg2 g5 27. h3 Kg7 28. g4 b5 29. Rc5 Be7 30. Qxb5 Bxc5 31. Rxc5 Rxc5 32. Qxc5 Rd6 33. Ne5 f6 34. Nf3 Qxc6 35. Qb4 Rd7 36. Qb8 Rxd4 37. Qa7+ Rd7 38. Qe3 Qd5 39. Qb6 Qe4 40. Qb8 Qb7 41. Qe8 Rd3 42. Kh2 Rxf3 43. Qg6+ Kxg6 0-1

[Event "Titled Tuesday intern op 18th Mar Late"]
[Site "Chess.com INT"]
[Date "2025.03.18"]
[Round "4"]
[White "Jagodzinski, Piotr"]
[Black "Shimanov, Aleksandr"]
[Result "0-1"]
[WhiteElo "2206"]
[BlackElo "2593"]
[PlyCount "74"]
[EventDate "2025.03.18"]
[EventType "swiss (blitz)"]
[EventRounds "11"]
[EventCountry "USA"]
[SourceTitle "CB13_2025"]
[SourceDate "2025.03.26"]
[SourceVersion "1"]
[SourceVersionDate "2025.03.26"]
[SourceQuality "1"]

1. Nf3 c5 2. b3 d5 3. e3 a6 4. Bb2 Nc6 5. Be2 Nf6 6. 0-0 g6 7. d4 cxd4 8. Nxd4 Bg7 9. Nd2 0-0 10. c4 Bd7 11. Rc1 Na7 12. c5 Re8 13. a3 e5 14. N4f3 Qc7 15. b4 Bb5 16. Nb3 Ba4 17. Nfd2 Rad8 18. Qc2 h5 19. Qb1 Ng4 20. h3 Nh6 21. Ba1 Nf5 22. Nf3 Nb5 23. Qa2 Bxb3 24. Qxb3 e4 25. Bxb5 exf3 26. Bxe8 fxg2 27. Rfd1 Bxa1 28. Rxa1 Nh4 29. Rxd5 Rxe8 30. Rad1 Qc6 31. Qc4 Qf6 32. Qd3 Qf3 33. Rd8 Qxh3 34. Rxe8+ Kh7 35. Rh8+ Kxh8 36. Qc3+ Kh7 37. Rd8 Nf3# 0-1

[Event "Titled Tuesday intern op 18th Mar Late"]
[Site "Chess.com INT"]
[Date "2025.03.18"]
[Round "11"]
[White "Nigalidze, Gaioz"]
[Black "Jagodzinski, Piotr"]
[Result "0-1"]
[WhiteElo "2368"]
[BlackElo "2206"]
[PlyCount "84"]
[EventDate "2025.03.18"]
[EventType "swiss (blitz)"]
[EventRounds "11"]
[EventCountry "USA"]
[SourceTitle "CB13_2025"]
[SourceDate "2025.03.26"]
[SourceVersion "1"]
[SourceVersionDate "2025.03.26"]
[SourceQuality "1"]

1. e4 c6 2. d4 d5 3. e5 Bf5 4. h4 h6 5. g4 Be4 6. f3 Bh7 7. e6 fxe6 8. Bd3 Bxd3 9. Qxd3 Qd6 10. Ne2 e5 11. dxe5 Qxe5 12. Qg6+ Kd8 13. Nbc3 Nd7 14. Bd2 Qf6 15. Nf4 e5 16. Ne6+ Ke7 17. Nxf8 Rxf8 18. Qxf6+ Ngxf6 19. 0-0 d4 20. Ne2 Nd5 21. h5 Rf7 22. Ng3 Rhf8 23. Kg2 Nc5 24. Rae1 Kd6 25. c4 Nf4+ 26. Bxf4 Rxf4 27. b4 Nd3 28. Ne4+ Ke7 29. Rd1 Nxb4 30. Rb1 a5 31. a3 Nc2 32. Rxb7+ Ke6 33. Nc5+ Kd6 34. Ne4+ Rxe4 35. c5+ Kxc5 36. fxe4 Ne3+ 37. Kh3 Rxf1 38. Rxg7 d3 39. Rd7 Nd5 40. exd5 cxd5 41. g5 hxg5 42. h6 d2 0-1

[Event "Titled Tuesday intern op 18th Mar Late"]
[Site "Chess.com INT"]
[Date "2025.03.18"]
[Round "7"]
[White "Pribelszky, Bence Daniel"]
[Black "Jagodzinski, Piotr"]
[Result "0-1"]
[WhiteElo "2400"]
[BlackElo "2206"]
[PlyCount "114"]
[EventDate "2025.03.18"]
[EventType "swiss (blitz)"]
[EventRounds "11"]
[EventCountry "USA"]
[SourceTitle "CB13_2025"]
[SourceDate "2025.03.26"]
[SourceVersion "1"]
[SourceVersionDate "2025.03.26"]
[SourceQuality "1"]

1. e4 c6 2. Nf3 d5 3. Nc3 a6 4. d4 Bg4 5. Be2 e6 6. 0-0 Nf6 7. e5 Nfd7 8. Ne1 Bf5 9. f4 c5 10. Nf3 Nc6 11. Be3 Rc8 12. Qd2 Be7 13. Nd1 b5 14. c3 0-0 15. Nf2 cxd4 16. Nxd4 Nxd4 17. Bxd4 Nc5 18. g4 Ne4 19. Qe3 Bg6 20. Nd3 f5 21. g5 Qc7 22. h4 Be8 23. h5 Qb7 24. Kg2 a5 25. a3 Bc6 26. Rh1 Ra8 27. Kh3 b4 28. axb4 axb4 29. Kh4 h6 30. Kh3 hxg5 31. fxg5 Bxg5 32. Qg1 Rxa1 33. Qxa1 bxc3 34. bxc3 Bb5 35. Qg1 Ra8 36. h6 gxh6 37. Be3 Ra2 38. Bxg5 Nxg5+ 39. Kg3 Rxe2 40. Rxh6 Qg7 41. Kf4 Re4+ 42. Kg3 Rg4+ 43. Kf2 Ne4+ 44. Kf3 Rxg1 45. Rxe6 Qg4+ 46. Ke3 Bxd3 47. Kd4 Ng5+ 48. Kc5 Nxe6+ 49. Kd6 f4 50. c4 dxc4 51. Ke7 Qg7+ 52. Kxe6 Rg6+ 53. Kd5 Qd7+ 54. Kc5 Rc6+ 55. Kb4 c3 56. e6 Qb7+ 57. Ka5 Ra6# 0-1

[Event "POL-ch Rapid"]
[Site "Lublin"]
[Date "2024.10.05"]
[Round "8"]
[White "Jagodzinski, Piotr"]
[Black "Pakleza, Zbigniew"]
[Result "0-1"]
[WhiteElo "2201"]
[BlackElo "2483"]
[PlyCount "98"]
[EventDate "2024.10.05"]
[EventType "swiss (rapid)"]
[EventRounds "9"]
[EventCountry "POL"]
[SourceTitle "CB45_2024"]
[Source "ChessBase"]
[SourceDate "2024.11.06"]
[SourceVersion "1"]
[SourceVersionDate "2024.11.06"]
[SourceQuality "1"]

1. Nf3 d5 2. b3 Nf6 3. Bb2 Bf5 4. e3 e6 5. Be2 h6 6. Ne5 Nbd7 7. Nxd7 Qxd7 8. d3 Be7 9. Nd2 0-0 10. g4 Bg6 11. h4 Ne8 12. Nf3 Bf6 13. Bxf6 gxf6 14. g5 hxg5 15. hxg5 Qe7 16. Kd2 fxg5 17. Ne5 Kg7 18. Qg1 Nf6 19. Rh3 Rh8 20. Rg3 Nh7 21. Qg2 a5 22. f4 a4 23. bxa4 Rxa4 24. Rb1 Rb4 25. Rh1 Rb2 26. Bd1 Nf8 27. Rxh8 Kxh8 28. Rxg5 Kg7 29. Ke2 Rxa2 30. Kf1 Ra1 31. Ke2 Qf6 32. Qh2 c5 33. Kd2 Kg8 34. Bh5 d4 35. e4 Qd8 36. Nc4 b5 37. Bxg6 fxg6 38. Qh6 bxc4 39. Rxg6+ Nxg6 40. Qxg6+ Kf8 41. Qh6+ Ke7 42. Qg7+ Kd6 43. Qe5+ Kc6 44. Qxe6+ Kb7 45. Qf7+ Kb8 46. Ke2 cxd3+ 47. Kxd3 Ra3+ 48. Kc4 d3 49. Kxc5 dxc2 0-1

[Event "Wroclaw Anderssen Memorial op"]
[Site "Wroclaw"]
[Date "2024.08.15"]
[Round "2"]
[White "Kryvenko, Daryna"]
[Black "Jagodzinski, Piotr"]
[Result "1/2-1/2"]
[WhiteElo "1972"]
[BlackElo "2161"]
[PlyCount "95"]
[EventDate "2024.08.15"]
[EventType "swiss (blitz)"]
[EventRounds "9"]
[EventCountry "POL"]
[SourceTitle "CBM 221 Extra"]
[Source "ChessBase"]
[SourceDate "2024.09.30"]
[SourceVersion "1"]
[SourceVersionDate "2024.09.30"]
[SourceQuality "1"]

1. e4 c6 2. d4 d5 3. exd5 cxd5 4. Bd3 Nf6 5. h3 Nc6 6. c3 e5 7. dxe5 Nxe5 8. Qe2 Qe7 9. Bc2 Bd7 10. Be3 Nc4 11. Bc1 0-0-0 12. Qxe7 Bxe7 13. Nf3 Bc5 14. 0-0 Rhe8 15. b4 Bb6 16. a4 a5 17. Bg5 h6 18. Bxf6 gxf6 19. Nbd2 Re2 20. Bd3 Rxd2 21. Bxc4 Rc2 22. Bxd5 Be8 23. Be4 Rxc3 24. bxa5 Bxa5 25. Rab1 b6 26. Rfc1 Rxc1+ 27. Rxc1+ Kb8 28. Bc6 Rc8 29. Nd4 Bb4 30. Rc2 Bc5 31. Bxe8 Rxe8 32. Nf5 h5 33. Ng3 Re5 34. Kf1 Kb7 35. Ne2 Ka6 36. Rc4 Rf5 37. f3 Rd5 38. Nf4 Rd2 39. Nxh5 Rf2+ 40. Ke1 Rxg2 41. Nxf6 Rg3 42. h4 Rxf3 43. Nd7 Re3+ 44. Kd2 Rh3 45. Nxc5+ bxc5 46. Rxc5 Rxh4 47. Rf5 Rxa4 48. Rxf7 1/2-1/2

[Event "Oberliga Nord O 2324"]
[Site "Germany"]
[Date "2024.04.14"]
[Round "8.3"]
[White "Petersen, Marcel"]
[Black "Jagodzinski, Piotr"]
[Result "1-0"]
[WhiteElo "2138"]
[BlackElo "2176"]
[PlyCount "75"]
[EventDate "2023.10.22"]
[EventType "team-tourn"]
[EventRounds "9"]
[EventCountry "GER"]
[SourceTitle "EXT 2025"]
[Source "ChessBase"]
[SourceDate "2024.10.14"]
[SourceVersion "1"]
[SourceVersionDate "2024.10.14"]
[SourceQuality "1"]
[WhiteTeam "Berlin Mattnetz"]
[BlackTeam "Forst"]
[WhiteTeamCountry "GER"]
[BlackTeamCountry "GER"]

1. e4 c6 2. d4 d5 3. exd5 cxd5 4. c4 Nf6 5. Nc3 e6 6. Nf3 Be7 7. cxd5 Nxd5 8. Bd3 Nc6 9. 0-0 0-0 10. Re1 a6 11. a3 Nf6 12. Bg5 h6 13. Be3 b5 14. Qd2 Re8 15. Rad1 Bf8 16. b4 Ne7 17. Ne4 Nxe4 18. Bxe4 Nd5 19. Ne5 Bb7 20. Rc1 f5 21. Bf3 Qf6 22. Nd7 Qf7 23. Nxf8 Rxf8 24. Bf4 Rfd8 25. Be5 Rac8 26. Bxd5 Bxd5 27. Re3 Kh7 28. Rg3 g5 29. h4 gxh4 30. Rgc3 Rc4 31. Rxc4 bxc4 32. a4 Qb7 33. Bf4 Bxg2 34. Rxc4 Rd7 35. Qc3 Bh3 36. Rc6 Qa8 37. d5 Rxd5 38. Rc7+ 1-0

[Event "Oberliga Nord O 2324"]
[Site "Germany"]
[Date "2024.03.17"]
[Round "7.3"]
[White "Jagodzinski, Piotr"]
[Black "Rabiega, Robert"]
[Result "0-1"]
[WhiteElo "2175"]
[BlackElo "2464"]
[PlyCount "86"]
[EventDate "2023.10.22"]
[EventType "team-tourn"]
[EventRounds "9"]
[EventCountry "GER"]
[SourceTitle "EXT 2025"]
[Source "ChessBase"]
[SourceDate "2024.10.14"]
[SourceVersion "1"]
[SourceVersionDate "2024.10.14"]
[SourceQuality "1"]
[WhiteTeam "Forst"]
[BlackTeam "Koenig Tegel"]
[WhiteTeamCountry "GER"]
[BlackTeamCountry "GER"]

1. Nf3 Nf6 2. b3 c5 3. Bb2 Nc6 4. e3 g6 5. Bxf6 exf6 6. d4 d5 7. Be2 cxd4 8. Nxd4 Bg7 9. 0-0 0-0 10. c3 f5 11. g3 Qe7 12. Bf3 Rd8 13. Nd2 Ne5 14. Bg2 b6 15. b4 Bb7 16. Qb3 Rac8 17. a4 a6 18. a5 b5 19. Rad1 h5 20. N2f3 Nc4 21. Rd3 Nd6 22. Ne2 Ne4 23. Rfd1 Rc7 24. Nfd4 Rdc8 25. Qb2 h4 26. f3 Nd6 27. f4 Bf6 28. gxh4 Bxh4 29. Ng3 Bf6 30. Nge2 Kg7 31. Bf3 Kg8 32. Re1 Bg7 33. Kg2 Ne4 34. Rc1 Re8 35. Ng3 Rec8 36. Nge2 Qh4 37. Bxe4 dxe4 38. Rd2 Qg4+ 39. Kh1 Bxd4 40. Nxd4 Rxc3 41. Rg1 Qh3 42. Rdg2 Qxe3 43. Nxf5 Qxg1+ 0-1

[Event "Oberliga Nord O 2324"]
[Site "Germany"]
[Date "2024.02.25"]
[Round "6.3"]
[White "Foerster, Jonas"]
[Black "Jagodzinski, Piotr"]
[Result "1/2-1/2"]
[WhiteElo "2252"]
[BlackElo "2156"]
[PlyCount "100"]
[EventDate "2023.10.22"]
[EventType "team-tourn"]
[EventRounds "9"]
[EventCountry "GER"]
[SourceTitle "EXT 2025"]
[Source "ChessBase"]
[SourceDate "2024.10.14"]
[SourceVersion "1"]
[SourceVersionDate "2024.10.14"]
[SourceQuality "1"]
[WhiteTeam "Berlin Empor"]
[BlackTeam "Forst"]
[WhiteTeamCountry "GER"]
[BlackTeamCountry "GER"]

1. d4 d5 2. Nf3 Nf6 3. c4 e6 4. Nc3 Be7 5. cxd5 exd5 6. Bf4 c6 7. Qc2 Nh5 8. Bd2 g6 9. h3 f5 10. g4 Nf6 11. gxf5 Bxf5 12. Qb3 Qb6 13. Qxb6 axb6 14. Bg2 Nbd7 15. 0-0 b5 16. a3 0-0 17. Bg5 Bd6 18. Nd2 b4 19. axb4 Bxb4 20. f3 Kg7 21. e4 Be6 22. Be3 Nb6 23. Bf4 Nfd7 24. Bc7 g5 25. Rxa8 Rxa8 26. h4 c5 27. exd5 Nxd5 28. Nxd5 Bxd2 29. Rd1 Ba5 30. dxc5 Nxc5 31. Bxa5 Rxa5 32. b4 Rb5 33. bxc5 Rxc5 34. Ne3 gxh4 35. f4 b5 36. Rd4 Rc3 37. Re4 Kf6 38. f5 Bf7 39. Kf2 Ra3 40. Rxh4 h5 41. Rb4 Be8 42. Re4 Bf7 43. Rd4 Ra4 44. Rd6+ Kg5 45. Rd7 Rf4+ 46. Kg3 h4+ 47. Kh2 Ba2 48. Rd2 Bf7 49. Rd7 Ba2 50. Rd2 Bf7 1/2-1/2

[Event "Oberliga Nord O 2324"]
[Site "Germany"]
[Date "2024.01.14"]
[Round "4.3"]
[White "Polzin, Rainer"]
[Black "Jagodzinski, Piotr"]
[Result "1-0"]
[WhiteElo "2409"]
[BlackElo "2160"]
[PlyCount "78"]
[EventDate "2023.10.22"]
[EventType "team-tourn"]
[EventRounds "9"]
[EventCountry "GER"]
[SourceTitle "EXT 2025"]
[Source "ChessBase"]
[SourceDate "2024.10.14"]
[SourceVersion "1"]
[SourceVersionDate "2024.10.14"]
[SourceQuality "1"]
[WhiteTeam "Berlin SF II"]
[BlackTeam "Forst"]
[WhiteTeamCountry "GER"]
[BlackTeamCountry "GER"]

1. e4 c6 2. d4 d5 3. e5 Bf5 4. Nd2 e6 5. Nb3 Nd7 6. Nf3 Ne7 7. Be2 Qb6 8. 0-0 h6 9. a4 a6 10. Bd2 Bh7 11. a5 Qc7 12. Rc1 g5 13. c4 dxc4 14. Bxc4 Nd5 15. Qe2 Be7 16. Ne1 0-0 17. Nd3 f6 18. Bxd5 exd5 19. e6 Nb8 20. f4 f5 21. Bb4 c5 22. Nbxc5 Nc6 23. Nd7 Rfe8 24. Bxe7 Rxe7 25. Nf6+ Kg7 26. Nxd5 Qd6 27. Nxe7 Qxd4+ 28. Kh1 Nxe7 29. Rc7 Re8 30. Qe5+ Qxe5 31. Nxe5 gxf4 32. Rxb7 Kf6 33. Re1 Bg8 34. Nd7+ Kg5 35. Rb8 Nc8 36. Nc5 f3 37. gxf3 Kf4 38. Kg2 Rd8 39. Re2 Re8 1-0

[Event "Oberliga Nord O 2324"]
[Site "Germany"]
[Date "2023.12.03"]
[Round "3.3"]
[White "Matthes, Aaron"]
[Black "Jagodzinski, Piotr"]
[Result "1-0"]
[WhiteElo "2207"]
[BlackElo "2165"]
[PlyCount "63"]
[EventDate "2023.10.22"]
[EventType "team-tourn"]
[EventRounds "9"]
[EventCountry "GER"]
[SourceTitle "EXT 2025"]
[Source "ChessBase"]
[SourceDate "2024.10.14"]
[SourceVersion "1"]
[SourceVersionDate "2024.10.14"]
[SourceQuality "1"]
[WhiteTeam "Kreuzberg"]
[BlackTeam "Forst"]
[WhiteTeamCountry "GER"]
[BlackTeamCountry "GER"]

1. d4 d5 2. c4 e6 3. Nf3 Nf6 4. g3 Be7 5. Bg2 0-0 6. 0-0 dxc4 7. Qc2 b5 8. a4 b4 9. Nfd2 Nd5 10. Nxc4 c5 11. dxc5 Bxc5 12. e4 Ne7 13. Rd1 Nd7 14. Ne5 Nxe5 15. Rxd8 Rxd8 16. Qxc5 Rd1+ 17. Bf1 Nf3+ 18. Kg2 Ne1+ 19. Kh3 e5+ 20. g4 Nf3 21. Qxe7 h5 22. Nd2 Bxg4+ 23. Kg3 Nxd2 24. Bxd2 Rxa1 25. Bc4 Rg1+ 26. Kh4 Rf8 27. h3 Bd1 28. Qxe5 Kh7 29. Qf5+ Kh8 30. f3 g6 31. Qf6+ Kh7 32. Be3 1-0

[Event "Trzcianka Dziedzic Memorial 12th"]
[Site "Trzcianka"]
[Date "2022.11.13"]
[Round "3"]
[White "Cyborowski, Lukasz"]
[Black "Jagodzinski, Piotr"]
[Result "1-0"]
[WhiteElo "2495"]
[BlackElo "2145"]
[PlyCount "95"]
[EventDate "2022.11.13"]
[EventType "swiss (rapid)"]
[EventRounds "9"]
[EventCountry "POL"]
[SourceTitle "CBM 211 Extra"]
[Source "ChessBase"]
[SourceDate "2023.01.31"]
[SourceVersion "1"]
[SourceVersionDate "2023.01.31"]
[SourceQuality "1"]

1. d4 d5 2. Nf3 Nf6 3. c4 e6 4. Nc3 Be7 5. Bf4 0-0 6. e3 c6 7. h3 Nbd7 8. c5 b6 9. b4 bxc5 10. bxc5 Qa5 11. Qd2 Re8 12. Bd3 Bd8 13. 0-0 Ba6 14. Bxa6 Qxa6 15. Qc2 Qa5 16. Rab1 Bc7 17. Rb7 Bxf4 18. exf4 Rab8 19. Rfb1 Qa6 20. Rxb8 Rxb8 21. Rxb8+ Nxb8 22. Qb3 Qc8 23. Ne5 Nfd7 24. Ne2 Qc7 25. Qb4 Nf8 26. g3 f6 27. Nd3 Na6 28. Qb3 h6 29. a3 Nd7 30. Kg2 Kh8 31. h4 e5 32. fxe5 fxe5 33. Qa4 Nab8 34. dxe5 Nxe5 35. Qf4 Nbd7 36. Nd4 Qb8 37. Nxe5 Nxe5 38. Ne6 Kg8 39. h5 a5 40. a4 Kh8 41. Qf5 Kg8 42. Qf4 Kh8 43. g4 Kg8 44. g5 hxg5 45. Qxg5 g6 46. Qf6 Qa7 47. Qf8+ Kh7 48. Ng5# 1-0

[Event "Trzcianka Dziedzic Memorial 12th"]
[Site "Trzcianka"]
[Date "2022.11.13"]
[Round "6"]
[White "Jagodzinski, Piotr"]
[Black "Sieciechowicz, Marcin"]
[Result "0-1"]
[WhiteElo "2145"]
[BlackElo "2395"]
[PlyCount "80"]
[EventDate "2022.11.13"]
[EventType "swiss (rapid)"]
[EventRounds "9"]
[EventCountry "POL"]
[SourceTitle "CBM 211 Extra"]
[Source "ChessBase"]
[SourceDate "2023.01.31"]
[SourceVersion "1"]
[SourceVersionDate "2023.01.31"]
[SourceQuality "1"]

1. Nf3 Nf6 2. b3 b6 3. Bb2 Bb7 4. e3 e6 5. Be2 Be7 6. 0-0 0-0 7. d4 d5 8. c4 c5 9. dxc5 Bxc5 10. Nbd2 Nc6 11. a3 a5 12. cxd5 Nxd5 13. Ne4 Be7 14. Bd3 f5 15. Ng3 Bf6 16. Bxf6 Qxf6 17. Bc4 Ne5 18. Nxe5 Qxe5 19. Qh5 Rac8 20. Rad1 b5 21. Bxd5 Bxd5 22. b4 a4 23. Rfe1 Qb2 24. Rd3 Rc1 25. Red1 Bb3 26. Rxc1 Qxc1+ 27. Nf1 Bc4 28. Rd1 Qxa3 29. Qg5 Bd5 30. e4 Bxe4 31. Rd7 Qa1 32. h4 a3 33. Ra7 Bd3 34. Kh2 Bxf1 35. h5 Qf6 36. Qg3 Be2 37. f3 e5 38. Rxa3 e4 39. Ra7 exf3 40. gxf3 Bc4 0-1

[Event "EU-ch Rapid"]
[Site "Katowice"]
[Date "2021.12.19"]
[Round "11"]
[White "Sotsky, Alexander"]
[Black "Jagodzinski, Piotr"]
[Result "0-1"]
[WhiteElo "2333"]
[BlackElo "2145"]
[PlyCount "62"]
[EventDate "2021.12.18"]
[EventType "swiss (rapid)"]
[EventRounds "11"]
[EventCountry "POL"]
[SourceTitle "CBM 205 Extra"]
[Source "ChessBase"]
[SourceDate "2022.01.31"]
[SourceVersion "1"]
[SourceVersionDate "2022.01.31"]
[SourceQuality "1"]

1. d4 d5 2. Bg5 c6 3. c3 Qc7 4. e3 Bf5 5. Bd3 Bxd3 6. Qxd3 Nd7 7. f4 e6 8. Nf3 Ne7 9. Bxe7 Bxe7 10. Nbd2 h6 11. 0-0 g5 12. Ne5 f5 13. b4 Nf6 14. a3 Rg8 15. Qe2 Bd6 16. Rfc1 gxf4 17. exf4 Bxe5 18. fxe5 Ne4 19. Nxe4 dxe4 20. Qc4 Qd7 21. a4 0-0-0 22. b5 Qd5 23. Qe2 f4 24. Rc2 c5 25. Re1 e3 26. a5 Qe4 27. a6 f3 28. axb7+ Kb8 29. Qxe3 Qxc2 30. Qxf3 Rdf8 31. Qc6 Qf2+ 0-1